书目信息 |
| 题名: |
大数据时代档案数据治理研究
|
|
| 作者: | 金波 , 杨鹏 著 | |
| 分册: | ||
| 出版信息: | 北京 科学出版社 2025.03 |
|
| 页数: | 448页 | |
| 开本: | 25cm | |
| 丛书名: | ||
| 单 册: | ||
| 中图分类: | G270.7 | |
| 科图分类: | ||
| 主题词: | 档案管理--信息化建设--研究 | |
| 电子资源: | ||
| ISBN: | 978-7-03-081504-0 | |
| 000 | 01043nam0 2200241 450 | |
| 001 | 013163342 | |
| 005 | 20251022191207.45 | |
| 010 | @a978-7-03-081504-0@b精装@dCNY238.00 | |
| 100 | @a20250326d2025 em y0chiy0120 ea | |
| 101 | 0 | @achi |
| 102 | @aCN@b110000 | |
| 105 | @aa z 000yy | |
| 106 | @ar | |
| 200 | 1 | @a大数据时代档案数据治理研究@9da shu ju shi dai dang an shu ju zhi li yan jiu@f金波,杨鹏著 |
| 210 | @a北京@c科学出版社@d2025.03 | |
| 215 | @a448页@c图@d25cm | |
| 330 | @a本书立足大数据时代浪潮,对接国家治理和数字中国战略,洞察档案事业数字化数据化转型与智能化智慧化升级态势,归纳分析档案数据管理实践与运行障碍,着力探究档案数据的本质属性、演化机理、运行规律、要素价值和利用方式,深入解析档案数据治理理论内涵,科学构筑集质量控制、资源整合、共享利用、安全保障与运行机制于一体的档案数据治理体系,指导档案数据治理实践。 | |
| 606 | 0 | @a档案管理@x信息化建设@x研究 |
| 690 | @aG270.7@v5 | |
| 701 | 0 | @a金波@9jin bo@4著 |
| 701 | 0 | @a杨鹏@9yang peng@4著 |
| 801 | 0 | @aCN@c20250910 |
| 905 | @a河南城建学院图书馆@dG270.7@eJ756@ZJ756@f1 | |
| 大数据时代档案数据治理研究/金波,杨鹏著.-北京:科学出版社,2025.03 |
| 448页:图;25cm |
| ISBN 978-7-03-081504-0(精装):CNY238.00 |
| 本书立足大数据时代浪潮,对接国家治理和数字中国战略,洞察档案事业数字化数据化转型与智能化智慧化升级态势,归纳分析档案数据管理实践与运行障碍,着力探究档案数据的本质属性、演化机理、运行规律、要素价值和利用方式,深入解析档案数据治理理论内涵,科学构筑集质量控制、资源整合、共享利用、安全保障与运行机制于一体的档案数据治理体系,指导档案数据治理实践。 |
| ● |
| 相关链接 |
|
|
|
正题名:大数据时代档案数据治理研究
索取号:G270.7/J756
 
预约/预借
| 序号 | 登录号 | 条形码 | 馆藏地/架位号 | 状态 | 备注 |
| 1 | 1635106 | 216351061 | 社科库409/409社科库 60排3列1层/ [索取号:G270.7/J756] | 在馆 |